Top 11 des jeux vidéos préférés des Français - Statistiques

Statistiques générales
  • Ce quiz a été pris 1 725 fois
  • Le résultat moyen est 5 sur 11
Statistiques - réponses
Classement : Jeux : % Correct
2 Minecraft
88%
6 Call of Duty
75%
1 GTA
71%
4 Fifa
69%
7 Mario
69%
9 Pokémon
35%
8 Assassin's Creed
26%
3 Les Sims
17%
10 Halo
10%
5 The legend of Zelda
8%
11 The whitcher
5%
Aucun quiz correspondant
Distribution des résultats
% des personnes avec chaque résultat
Percentile par nombre de réponses
Votre historique - résultats
Vous n’avez pas pris ce quiz